ʻOlelot / (Record no. 32174)

MARC details
000 -LEADER
fixed length control field 00524cam a22002051a 4500
001 - CONTROL NUMBER
control field he 67000355
003 - CONTROL NUMBER IDENTIFIER
control field DLC
005 - DATE AND TIME OF LATEST TRANSACTION
control field 20260227111444.0
008 - FIXED-LENGTH DATA ELEMENTS--GENERAL INFORMATION
fixed length control field 840417s1966 is 000 0 hebr
010 ## - LIBRARY OF CONGRESS CONTROL NUMBER
LC control number he 67000355
035 ## - SYSTEM CONTROL NUMBER
System control number (OCoLC)19169251
040 ## - CATALOGING SOURCE
Original cataloging agency DLC
Transcribing agency MH
Modifying agency AzU
-- DLC
042 ## - AUTHENTICATION CODE
Authentication code premarc
050 00 - LIBRARY OF CONGRESS CALL NUMBER
Classification number PJ5053.S27
Item number O4
100 1# - MAIN ENTRY--PERSONAL NAME
Personal name Sackler, Harry,
Dates associated with a name 1883-
245 10 - TITLE STATEMENT
Title ʻOlelot /
Statement of responsibility, etc. me-et H. Seḳler.
260 ## - PUBLICATION, DISTRIBUTION, ETC.
Place of publication, distribution, etc. Tel Aviv :
Name of publisher, distributor, etc. Yavneh,
Date of publication, distribution, etc. [1966]
300 ## - PHYSICAL DESCRIPTION
Extent 150 p. ;
Dimensions 24 cm.
752 ## - ADDED ENTRY--HIERARCHICAL PLACE NAME
Country or larger entity Israel
City Tel Aviv

No items available.

Powered by Koha